000 00914nam a22002532 4500
001 0000020065
005 20151217152206.0
008 110623s xx 000 0 eng d
020 _a0596100520 :
040 _aKABU
_cKABU
100 1 _aGast, Matthew S.
_@0000180117
245 1 0 _a802.11 Wireless networks :
_bthe definative guide /
_cMatthew S. Gast.
250 _a2nd ed.
260 _acambridge :
_bO'Reilly,
_c2005.
300 _axxi, 630 p.
650 0 _aWireless communication systems.
_@0000151097
852 1 _9p1000 KES
852 1 _9p1000 KES
852 1 _9p1000 KES
852 1 _9p1000 KES
852 1 _9p1000 KES
908 _a110623
950 _@1
999 _c9173
_d9173